| 000 | 00425nam a2200145Ia 4500 | ||
|---|---|---|---|
| 008 | 240729s9999 xx 000 0 und d | ||
| 022 | _a2663-3205 | ||
| 245 | 0 | _aEthiopian Journal of Science and Sustainable Development | |
| 260 | _aEthiopia | ||
| 260 | _bAdama Science and Technology University | ||
| 650 | _aScience | ||
| 856 | _uhttps://doaj.org/toc/2860a43bfdb2478b854c68c9603898a5 | ||
| 942 | _2ddc | ||
| 942 | _cDOAJEJ | ||
| 999 |
_c73500 _d73500 |
||
| 945 |
_a1 _bMadushi Gamage _c1 _dMadushi Gamage |
||